00355nam a2200145Ia 4500008004100000020001500041041001200056082001600068100001200084245004200096260003600138300000800174650001400182700001300196221030s9999 xx 000 0 und d a817884060X aEnglish a105.23bKau aH. Kaur 0aRelational Database Management System bCyber Tech PubaNew Delhic2002 a189 aComputers aB. Singh